| 000 | 00693nam a22002177a 4500 | ||
|---|---|---|---|
| 999 |
_c21191 _d21191 |
||
| 003 | AR-CdUCM | ||
| 008 | 190306b ||||| |||| 00| 0 spa d | ||
| 040 |
_aMUNICIPALIDAD PROVINCIAL DEL CUSCO _cBIBLIOTECA MUNICIPAL DEL CUSCO |
||
| 082 |
_a869.61 / G98L _bG98L |
||
| 100 |
_aGuzmán Calderón, Leonel _92855 |
||
| 245 | _aLos putocorruptos / | ||
| 260 |
_aCusco : _bAlpha, _c2017. |
||
| 300 |
_a133 páginas ; _c20 cm. |
||
| 505 | _aContenido: Pastalujuria -- Uniséxito -- Plaguero ... | ||
| 650 |
_aLiteratura cusqueña _944281 |
||
| 650 |
_aLiteratos cusqueños _944145 |
||
| 650 |
_aNarrativa cusqueña _910453 |
||
| 650 |
_aSiglo XXI _944282 |
||
| 942 |
_2ddc _cLIBROS |
||
| 945 | _aRoel | ||